000 00337nam a22001457a 4500
008 221005b ||||| |||| 00| 0 eng d
020 _a3007914100
041 _aeng
080 _2second edition
_a610.73
082 _a610.73 WAI
100 _a6
101 _aINF
245 _aEvaluation of liver function
_cWAI S.O
942 _2udc
_cBK
999 _c58342
_d58342